Place marketing
Saved in:
| Main Author: | |
|---|---|
| Corporate Author: | |
| Other Authors: | , |
| Format: | Book |
| Language: | English |
| Published: |
Banská Bystrica
BELIANUM
2017
|
| Subjects: | |
| Tags: |
No Tags, Be the first to tag this record!
|
MARC
| LEADER | 00000nam a2200000 4500 | ||
|---|---|---|---|
| 001 | 0240001 | ||
| 005 | 20240221114730.5 | ||
| 020 | |a 978-80-557-1312-0 | ||
| 041 | 0 | |a eng | |
| 044 | |a SK | ||
| 245 | 1 | 0 | |a Place marketing |c Anna Vaňová, Katarína Vitálišová, Kamila Borseková |
| 264 | 1 | |a Banská Bystrica |b BELIANUM |c 2017 | |
| 300 | |a 94 s. | ||
| 610 | 2 | 0 | |a marketing územia |
| 610 | 2 | 0 | |a rozvoj územný |
| 610 | 2 | 0 | |a marketing mix |
| 610 | 2 | 0 | |a komunikácia marketingová |
| 610 | 2 | 0 | |a plánovanie strategické |
| 610 | 2 | 0 | |a samospráva miestna |
| 610 | 2 | 0 | |a partnerstvo verejno-súkromné |
| 610 | 2 | 0 | |a zdroje ľudské |
| 610 | 2 | 0 | |a riadenie strategické |
| 610 | 2 | 0 | |a marketing vzťahový |
| 100 | 1 | |a Vaňová, Anna | |
| 700 | 1 | |a Vitálišová, Katarína | |
| 700 | 1 | |a Borseková, Kamila | |
| 710 | 2 | |a Univerzita Mateja Bela v Banskej Bystrici. Ekonomická fakulta | |